000 00313nam a22001457a 4500
008 230707b ||||| |||| 00| 0 eng d
020 _a9781285447100
041 _aeng
080 _a51
082 _a51LAR
100 _a23
101 _aMATE
245 _aMATHEMATICAL PRACTICES
_cLARSON .R
942 _2udc
_cBK
999 _c60112
_d60112